000 01154nam a2200241Ia 4500
999 _c39604
_d39604
001 6204
003 GE_BSU
005 20190506121618.0
008 181216s1962||||ge |||||||||||||| ||geo||
040 _cGE_BSU
041 _ageo
080 _a628.1 დ-43
100 _aდიასამიძე, ლ.
_9760
245 _aწყალმომარაგება I ნაწ. ქსელი და მისი ნაგებობანი /
_cლ. დიასამიძე, ქ. ქუთათელაძე, ი. გეგელაშვილი ; რედ. ა. ზედგენიძე.
264 _aთბილისი :
_bსპი,
_c1962.
300 _a350 გვ. :
_bილ., ნახაზები ;
_c22 სმ.
653 _aქსელი და მისი ნაგებობანი
653 _aწყალმომარაგება
700 _aქუთათელაძე, ქ.
_eავტორი
_9761
700 _aგეგელაშვილი, ი.
_eავტორი
_9762
700 _aზედგენიძე, ა.
_eრედაქტორი
_9763
942 _cBK
_2udc